000 00209 a2200097 4500
001 29900
100 _aBiberman
245 _aPhoto electronic imaging devices
260 _a
_bPlenum
_c
090 _c19899
_d19899
942 _aNUST-CAE
_cM
_c11000
999 _c264973
_d264973